| Tag |
First Indicator |
Second Indicator |
Subfields |
| LEADER |
00000cam a2200000 a 4500 |
| 001 |
in00005751981 |
| 005 |
20260326194328.8 |
| 006 |
m o d |
| 007 |
cr cnu---unuuu |
| 008 |
130411s1973 sw a ob 100 0 eng d |
| 040 |
|
|
|a OPELS
|b eng
|e pn
|c OPELS
|d OCLCO
|d N$T
|d E7B
|d OCLCF
|d OCLCQ
|d OCLCO
|d OCL
|d OCLCQ
|d UAB
|d LEAUB
|d OCLCO
|d VLY
|d OCLCQ
|d OCLCO
|d OCL
|d OCLCQ
|d OCLCO
|d OCLCL
|d OCLCO
|d OCLCE
|d OCLCL
|
| 019 |
|
|
|a 1468691308
|
| 020 |
|
|
|a 9780323158299
|q (electronic bk.)
|
| 020 |
|
|
|a 0323158293
|q (electronic bk.)
|
| 020 |
|
|
|z 0124603505
|
| 020 |
|
|
|z 9780124603509
|
| 035 |
|
|
|a (OCoLC)838123982
|z (OCoLC)1468691308
|
| 042 |
|
|
|a dlr
|
| 050 |
|
4 |
|a QC173.28
|b .N6 1973eb
|
| 060 |
|
4 |
|a W3
|b NO369 24th 1973c
|
| 060 |
|
4 |
|a QC 173.28
|b N744 1973c
|
| 072 |
|
7 |
|a SCI
|x 024000
|2 bisacsh
|
| 072 |
|
7 |
|a SCI
|x 041000
|2 bisacsh
|
| 072 |
|
7 |
|a SCI
|x 055000
|2 bisacsh
|
| 082 |
0 |
4 |
|a 530
|2 22
|
| 049 |
|
|
|a TXAM
|
| 111 |
2 |
|
|a Nobel Symposium
|n (24th :
|d 1973 :
|c Lerum, Sweden)
|
| 245 |
1 |
0 |
|a Collective properties of physical systems :
|b proceedings of the twenty-fourth Nobel Symposium held June 12-16, 1973 at Aspenäsgården, Lerum, Sweden. /
|c editors, Bengt Lundqvist and Stig Lundqvist ; administrative editor, Vera Runnström-Reio.
|
| 260 |
|
|
|a Stockholm :
|b Nobel Foundation ;
|a New York :
|b Academic Press,
|c [©1973]
|
| 300 |
|
|
|a 1 online resource (271 pages) :
|b illustrations
|
| 336 |
|
|
|a text
|b txt
|2 rdacontent
|
| 337 |
|
|
|a computer
|b c
|2 rdamedia
|
| 338 |
|
|
|a online resource
|b cr
|2 rdacarrier
|
| 490 |
1 |
|
|a Medicine and natural sciences
|
| 504 |
|
|
|a Includes bibliographical references.
|
| 588 |
0 |
|
|a Print version record.
|
| 505 |
0 |
|
|a Front Cover; Collective Properties of Physical Systems: Medicine and Natural Sciences; Copyright Page; Foreword; Table of Contents; List of articles; Sponsors; Nobel Symposium Committee; Organizing Committee; List of participants; Author index; Part I:The Renormalization Group Approach, Phase Transitions and Critical Phenomena; Chapter 1. Breakdown of Landau Theory, Fluctuations and Renormalization; References; Discussion; Chapter 2. General Scaling Theory for Critical Points; Summary; I . Cumulants; II . Critical Operators and their Exponents; III . General Formulation of Scaling
|
| 505 |
8 |
|
|a IV. Scaling CovarianceV. Conformal Covariance; VI. Product Expansions and Reducibility; VII. Strong scaling; VIII. Strong scaling, hyperscaling and conformal invariance; References; Discussion; References; Chapter 3. Generalized Renormalization Transformations; Basic Ideas on Generalized Action Principles; Equivalent Transformations; Outlook; References; Discussion; Chapter 4. Developments in the Theory of Critical Phenomena; Summary; Solution for n= -- 2 (d arbitrary); Symmetry of Critical Exponents; Initial Conjecture; Revised Version of the Symmetry
|
| 505 |
8 |
|
|a Phase Transitions for One-dimensional SystemsZero-dimensional Systems; References; Chapter 5. From Self-Avoiding Walks to Real Polymer Chains; References; Key words; Chapter 6. Aspects of Time-Dependent Critical Phenomena; Summary; 1 . Definitions; 2. Dynamic Scaling Hypothesis; 3. Hydrodynamic Considerations; 4. The Conventional Theory; 5. Systems with a Propagating Mode below Tc; 6. Liquid-gas and Phase Separation Critical Points; 7. The Kinetic Ising Models and Related System; 8. Anisotropic Heisenberg Systems; 9. Universality; References; Discussion; Part II: The Kondo Problem
|
| 505 |
8 |
|
|a Chapter 7. Solution of the Spin-1/2 Kondo HamiltonianReferences; Discussion; Chapter 8. Review of the Application of the Renormalization Group Method to Logarithmic Problems; Summary; Brief Outline of the Method; The Kondo Problem; Imaginary Parts; One Dimensional Metallic Systems at Zero Temperature; Conclusion; References; Part III: Superfluid 3He; Chapter 9. The Low Temperature Phases of Liquid 3He1.2; Summary; Phase Diagrams; Summary of Experiments in Liquid He; Conclusions; References; Discussion; Chapter 10. Experimental Evidence for Superfluidity in the Newly Found Phases of 3He1
|
| 520 |
|
|
|a References; Key words; Discussion; Chapter 11. The Order Parameter in Liquid 3He; References; Discussion; Chapter 12. Aligned Orbital Angular Momentum in the Low Temperature Phase of 3He; References; Discussion; Chapter 13. NMR in an Anisotropie Superfluid (3He); References; Discussion; Chapter 14. Remarks on Anisotropic Superfluids; References; Chapter 15. Spin Fluctuations and Anisotropic Superfluidity in 3He; Summary; I. Summary of Spin Fluctuation Calculation; II. Inclusion of Particle-Particle Scattering; III. Numerical Comparison with He; References; Discussion
|
| 520 |
|
|
|a Collective properties of physical systems.
|
| 538 |
|
|
|a Master and use copy. Digital master created according to Benchmark for Faithful Digital Reproductions of Monographs and Serials, Version 1. Digital Library Federation, December 2002.
|u http://purl.oclc.org/DLF/benchrepro0212
|5 MiAaHDL
|
| 583 |
1 |
|
|a digitized
|c 2024.
|h HathiTrust Digital Library
|l committed to preserve
|2 pda
|5 MiAaHDL
|
| 650 |
|
0 |
|a Matter
|x Properties
|v Congresses.
|
| 650 |
|
0 |
|a Physics.
|
| 650 |
|
2 |
|a Physics
|
| 650 |
|
6 |
|a Matière
|x Propriétés
|v Congrès.
|
| 650 |
|
6 |
|a Physique.
|
| 650 |
|
7 |
|a physics.
|2 aat
|
| 650 |
|
7 |
|a SCIENCE
|x Energy.
|2 bisacsh
|
| 650 |
|
7 |
|a SCIENCE
|x Mechanics
|x General.
|2 bisacsh
|
| 650 |
|
7 |
|a SCIENCE
|x Physics
|x General.
|2 bisacsh
|
| 650 |
|
7 |
|a Physics
|2 fast
|
| 650 |
|
7 |
|a Matter
|x Properties
|2 fast
|
| 650 |
|
7 |
|a Physics
|x Awards
|v Congresses.
|2 nli
|
| 650 |
|
7 |
|a Solid state physics
|v Congresses.
|2 nli
|
| 650 |
|
7 |
|a Surfaces (Physics)
|v Congresses.
|2 nli
|
| 650 |
|
7 |
|a Liquid helium
|v Congresses.
|2 nli
|
| 650 |
|
7 |
|a Nobel Prizes
|v Congresses.
|2 nli
|
| 653 |
|
|
|a Matter.
|
| 655 |
|
7 |
|a Electronic books.
|2 local
|
| 655 |
|
2 |
|a Congress
|
| 655 |
|
7 |
|a proceedings (reports)
|2 aat
|
| 655 |
|
7 |
|a Conference papers and proceedings
|2 fast
|
| 655 |
|
7 |
|a Conference papers and proceedings.
|2 lcgft
|
| 655 |
|
7 |
|a Actes de congrès.
|2 rvmgf
|
| 700 |
1 |
|
|a Lundqvist, B. I.
|q (Bengt I.),
|e editor.
|1 https://id.oclc.org/worldcat/entity/E39PBJkT6vC6Pf9cpjDddPxdQq
|
| 700 |
1 |
|
|a Lundqvist, Stig,
|d 1925-
|e editor.
|1 https://id.oclc.org/worldcat/entity/E39PBJvXmv6VBpmfkTrttJDwmd
|
| 700 |
1 |
|
|a Runnström-Reio, Vera,
|d 1919-
|e editor.
|1 https://id.oclc.org/worldcat/entity/E39PCjKrdh3QtWqPhCT6JCg9pd
|
| 710 |
2 |
|
|a ScienceDirect (Online service)
|
| 710 |
2 |
|
|a Nobelstiftelsen.
|1 https://id.oclc.org/worldcat/entity/E39QH7Jmpqjwpp6CrtTYCP37gg
|
| 776 |
0 |
8 |
|i Print version:
|a Nobel Symposium (24th : 1973 : Lerum, Sweden).
|t Collective properties of physical systems.
|d Stockholm, Nobel Foundation; New York, Academic Press [©1973]
|z 0124603505
|w (DLC) 73019099
|w (OCoLC)994719
|
| 830 |
|
0 |
|a Medicine and natural sciences.
|
| 856 |
4 |
0 |
|u http://proxy.library.tamu.edu/login?url=https://www.sciencedirect.com/science/book/9780124603509
|z Connect to the full text of this electronic book
|t 0
|
| 955 |
|
|
|a Elsevier ScienceDirect 2026-2027
|
| 994 |
|
|
|a 92
|b TXA
|
| 999 |
f |
f |
|i c3c4a050-0999-4719-8ddd-16261aeb33a7
|s 82922c29-1de4-4310-afd7-07e1bb297b28
|t 0
|
| 952 |
f |
f |
|a Texas A&M University
|b College Station
|c Electronic Resources
|s www_evans
|d Available Online
|t 0
|e QC173.28 .N6 1973eb
|h Library of Congress classification
|
| 998 |
f |
f |
|a QC173.28 .N6 1973eb
|t 0
|l Available Online
|